|
|
|
|
| LEADER |
00000nab a2200000 a 4500 |
| 001 |
vtls000123490 |
| 003 |
SK-MaSNL |
| 005 |
20260304062909.0 |
| 008 |
250422c1982 xo 0 slo |
| 015 |
|
|
|a SNBRB19rr/mm-uuuuu
|
| 035 |
|
|
|a CL0133595
|
| 035 |
|
|
|a urn:nbn:sk:snk-ab70qw
|
| 035 |
|
|
|a (uuid)ead90700-02ee-4bbb-bd4a-14fd17c1552f
|
| 035 |
|
|
|a (urnnbn)urn:nbn:sk:snk:ar-a06gfj
|
| 035 |
|
|
|a (sysno)vtls000123490
|
| 040 |
|
|
|a SNKBUCL
|b slo
|c SNKBUCL
|e AACR2
|
| 041 |
0 |
|
|a eng
|
| 044 |
|
|
|a xo
|c SK
|
| 080 |
|
|
|a 616-006
|2 1981
|
| 080 |
|
|
|a 615.8
|2 1981
|
| 080 |
|
|
|a 576
|2 1981
|
| 245 |
0 |
0 |
|a Subpopulations of human T lymphocytes in patients with Hodgkin s disease before and after treatment
|c A. A. Karande ... [et al.]
|
| 300 |
|
|
|b Obr. 4. Tb. 4.
|
| 650 |
0 |
7 |
|a choroba Hodgkinova
|2 snkbucl
|9 899487
|
| 655 |
|
7 |
|a články z novín a časopisov
|2 snkbucl
|9 267496
|
| 700 |
1 |
|
|a Karande, A. A.
|4 aut
|9 1348781
|
| 700 |
1 |
|
|a Gulwani, B.
|4 aut
|9 1348782
|
| 700 |
1 |
|
|a Advani, S. H.
|4 aut
|9 1206829
|
| 700 |
1 |
|
|a Gangal, S. G.
|4 aut
|9 1275634
|
| 773 |
0 |
|
|t Neoplasma
|g Roč. 29, č. 2 (1982), s. 149-159
|
| 850 |
|
|
|a Slovenská národná knižnica
|
| 852 |
|
|
|a Slovenská národná knižnica
|
| 958 |
|
|
|a article27
|
| 958 |
|
|
|a RK
|
| 958 |
|
|
|a OND
|
| 958 |
|
|
|a EUIPO
|
| 992 |
|
|
|a RBX
|
| 999 |
|
|
|c 2740113
|d 2742043
|